Биохимия: учебник и практикум для академического бакалавриата

Dades bibliogràfiques
Autor principal: Ершов Ю. А. Юрий Алексеевич
Altres autors: Зайцева Н. И. Наталья Ильинична (редактор), Щукин С. И.
Sumari:В учебнике на современном научном уровне изложен материал по структурной и метаболической химии. Содержатся сведения по химическому составу биологических систем и структурной организации живой материи, описаны последовательности основных метаболических реакций, а также представлены главные направления развития этой новой отрасли науки и техники. Соответствует актуальным требованиям Федерального государственного образовательного стандарта высшего образования и методологическим требованиям, предъявляемым к учебным изданиям.
Idioma:rus
Publicat: Москва, Юрайт, 2019
Edició:2-е изд., испр. и доп.
Col·lecció:Бакалавр. Академический курс
Matèries:
Format: MixedMaterials Llibre
KOHA link:https://koha.lib.tpu.ru/cgi-bin/koha/opac-detail.pl?biblionumber=319245

MARC

LEADER 00000nam0a2200000 4500
001 319245
005 20231102003148.0
010 |a 9785534075052 
035 |a (RuTPU)RU\TPU\book\344753 
090 |a 319245 
100 |a 20160525d2019 m y0rusy50 ca 
101 0 |a rus 
102 |a RU 
105 |a a j 001zy 
200 1 |a Биохимия  |e учебник и практикум для академического бакалавриата  |f Ю. А. Ершов, Н. И. Зайцева  |g под ред. С. И. Щукина 
205 |a 2-е изд., испр. и доп. 
210 |a Москва  |c Юрайт  |d 2019 
215 |a 323 с.  |c ил. 
225 1 |a Бакалавр. Академический курс 
320 |a Библиогр.: с. 321 
330 |a В учебнике на современном научном уровне изложен материал по структурной и метаболической химии. Содержатся сведения по химическому составу биологических систем и структурной организации живой материи, описаны последовательности основных метаболических реакций, а также представлены главные направления развития этой новой отрасли науки и техники. Соответствует актуальным требованиям Федерального государственного образовательного стандарта высшего образования и методологическим требованиям, предъявляемым к учебным изданиям. 
606 1 |a Биохимия  |2 stltpush  |3 (RuTPU)RU\TPU\subj\68098  |9 83635 
610 1 |a учебники 
610 1 |a практикумы 
610 1 |a биогенные вещества 
610 1 |a биохимические превращения 
610 1 |a вода 
610 1 |a аминокислоты 
610 1 |a белки 
610 1 |a ферменты 
610 1 |a биологические процессы 
610 1 |a кинетика 
610 1 |a углеводы 
610 1 |a липиды 
610 1 |a биомембраны 
610 1 |a ДНК 
610 1 |a дезоксирибонуклеиновая кислота 
610 1 |a РНК 
610 1 |a рибонуклеиновая кислота 
610 1 |a витамины 
610 1 |a минеральные вещества 
610 1 |a микроэлементы 
610 1 |a метаболизм 
610 1 |a биоэнергетика 
610 1 |a лимонная кислота 
610 1 |a жиры 
610 1 |a аминокислоты 
610 1 |a нуклеотиды 
610 1 |a биосинтез 
610 1 |a биотехнологии 
675 |a 577.1(075.8)  |v 4 
700 1 |a Ершов  |b Ю. А.  |g Юрий Алексеевич 
701 1 |a Зайцева  |b Н. И.  |g Наталья Ильинична 
702 1 |a Щукин  |b С. И.  |4 340 
801 1 |a RU  |b 63413507  |c 20160525 
801 2 |a RU  |b 63413507  |c 20191023  |g RCR 
942 |c BK 
959 |a 4/20170125  |d 1  |e 629,00  |f ЧЗТЛ:1